Patria y "Sea Power" (Record no. 24536)

MARC details
000 -LEADER
campo de control de longitud fija 00622nam a2200169 i 4500
001 - NÚMERO DE CONTROL
campo de control 24536
003 - IDENTIFICADOR DE NÚMERO DE CONTROL
campo de control ES-MaACL
005 - FECHA Y HORA DE LA ÚLTIMA TRANSACCIÓN
campo de control 20230906153053.0
007 - CAMPO FIJO DE DESCRIPCIÓN FÍSICA--INFORMACIÓN GENERAL
campo de control de longitud fija t|
008 - DATOS DE LONGITUD FIJA--INFORMACIÓN GENERAL
campo de control de longitud fija 021217s1901 sp ||||1| spa d
100 1# - ENTRADA PRINCIPAL--NOMBRE DE PERSONA
Nombre de persona Andújar y Solana, Manuel.
9 (RLIN) 21687
245 10 - MENCIÓN DEL TÍTULO
Título Patria y "Sea Power"
Resto del título : artículos publicados en la "Revista General de Marina" /
Mención de responsabilidad, etc. Manuel Andújar y Solana ; con un prólogo de Leandro Saralegui y Medina.
260 ## - PUBLICACIÓN, DISTRIBUCIÓN, ETC.
Lugar de publicación, distribución, etc. Ferrol :
Nombre del editor, distribuidor, etc. [s.n.,
Fecha de publicación, distribución, etc. 1901] (
Fabricante Imp. de Hijos de R. Pita)
300 ## - DESCRIPCIÓN FÍSICA
Extensión XXII, 172 p. ;
Dimensiones 22 x 15 cm.
700 1# - ENTRADA AGREGADA--NOMBRE PERSONAL
Nombre de persona Saralegui y Medina, Leandro de.
9 (RLIN) 132473
852 ## - LOCALIZACIÓN
Ubicación ES-MaACL
Número de control de estantería G-12519
Holdings
Estatus retirado Estado de pérdida Estado de daño No para préstamo Biblioteca de origen Biblioteca actual Ubicación en estantería Fecha de adquisición Fuente de adquisición Total de préstamos Signatura topográfica completa Código de barras Visto por última vez Precio de reemplazo Tipo de ítem Koha
        Biblioteca del Ateneo de Madrid Biblioteca del Ateneo de Madrid Sala Pecera Planta 3 17/01/2008     G-12519 1025296 23/02/2023 23/02/2023 Libro impreso antiguo